000
00229 a2200097 4500
001
35112
100
_a
Safdar Hussain
245
_a
Messenger of Allah on Behariom
260
_a
Pakistan
_b
Feroz sons Ltd
_c
090
_c
23256
_d
23256
942
_a
NUST-CAE
_c
M
_c
14732
999
_c
270185
_d
270185